Germans in Brazil : a comparative history of cultural conflict during World War I /

Bibliographic Details
Main Author: Luebke, Frederick C., 1927-
Format: Book
Language:English
Published: Baton Rouge : Louisiana State University Press, [1987]
Subjects:

MARC

Tag First Indicator Second Indicator Subfields
LEADER 00000cam a2200000 a 4500
001 in00000008299
005 20151002090012.0
008 861201s1987 laua b 00110 eng
010 |a  86027371  
020 |a 0807113476 
035 |a (OCoLC)15017895 
035 |9 AAA0683AM 
040 |a DLC  |c DLC  |d TXA  |d UtOrBLW 
043 |a s-bl--- 
050 0 0 |a F2659.G3  |b L84 1987 
082 0 |a 981/.00431  |2 19 
100 1 |a Luebke, Frederick C.,  |d 1927- 
245 1 0 |a Germans in Brazil :  |b a comparative history of cultural conflict during World War I /  |c Frederick C. Luebke. 
264 1 |a Baton Rouge :  |b Louisiana State University Press,  |c [1987] 
264 4 |c ©1987 
300 |a xiii, 248 pages :  |b illustrations ;  |c 24 cm. 
336 |a text  |b txt  |2 rdacontent 
337 |a unmediated  |b n  |2 rdamedia 
338 |a volume  |b nc  |2 rdacarrier 
504 |a Bibliography: pages [225]-242. 
500 |a Includes index. 
650 0 |a Germans  |z Brazil  |x History  |y 20th century. 
650 0 |a Culture conflict  |z Brazil  |x History  |y 20th century. 
650 0 |a Riots  |z Brazil  |x History  |y 20th century. 
650 0 |a World War, 1914-1918  |z Brazil. 
651 0 |a Brazil  |x Ethnic relations. 
651 0 |a Brazil  |x History  |y 1889-1930. 
999 |a MARS 
999 f f |s 9272801a-aaf0-35f5-b55d-289e56a09bcd  |i a21ddf32-d7c2-32a4-8bd3-b2ca360a2329  |t 0 
952 f f |p ric  |a Texas A&M University  |b Rellis Campus  |c Joint Library Facility  |d Remote Storage  |t 0  |e F2659.G3 L84 1987  |h Library of Congress classification  |i unmediated -- volume  |m A14811012554 
998 f f |a F2659.G3 L84 1987  |t 0  |l Remote Storage